[Event "Madrid-chT 1819"]
[Site "Madrid"]
[Date "2019.01.27"]
[Round "7.6"]
[White "Ortega Ruiz, Jose Miguel"]
[Black "Anton Quevedo, Andrea"]
[Result "1-0"]
[WhiteElo "2291"]
[BlackElo "1869"]
[PlyCount "63"]
[EventDate "2018.11.17"]
[EventType "team-tourn"]
[EventRounds "14"]
[EventCountry "ESP"]
[SourceTitle "CBM 189 Extra"]
[Source "ChessBase"]
[SourceDate "2019.06.03"]
[SourceVersion "1"]
[SourceVersionDate "2019.06.03"]
[SourceQuality "1"]
[WhiteTeam "Collado Villalba"]
[BlackTeam "San Sebastian de los Reyes"]
[WhiteTeamCountry "ESP"]
[BlackTeamCountry "ESP"]

1. d4 Nf6 2. c4 g6 3. Nc3 d5 4. Bf4 c6 5. e3 Bg7 6. h3 0-0 7. Nf3 Re8 8. Be2 Nbd7 9. 0-0 Nb6 10. b3 Bf5 11. g4 Be6 12. c5 Nbd7 13. Qc2 Nf8 14. Bg3 h5 15. Ng5 hxg4 16. Nxe6 Nxe6 17. hxg4 Qc8 18. f4 Qd7 19. g5 Ne4 20. Nxe4 dxe4 21. Qxe4 Nxd4 22. exd4 Bxd4+ 23. Kg2 Bxa1 24. Rxa1 Qd2 25. Be1 Qb2 26. Rb1 Qg7 27. Qf3 Rad8 28. Bc3 f6 29. Bc4+ Kf8 30. Rh1 Rd7 31. Rh6 Red8 32. Qh3 1-0

[Event "San Sebastian de los Reyes op 20th"]
[Site "San Sebastian"]
[Date "2018.12.03"]
[Round "3"]
[White "Anton Quevedo, Andrea"]
[Black "Rial Rodriguez, Marta"]
[Result "1-0"]
[WhiteElo "1876"]
[BlackElo "1503"]
[PlyCount "69"]
[EventDate "2018.12.01"]
[EventType "swiss"]
[EventRounds "9"]
[EventCountry "ESP"]
[SourceTitle "CBM 187 Extra"]
[Source "ChessBase"]
[SourceDate "2018.11.04"]
[SourceVersion "1"]
[SourceVersionDate "2018.11.04"]
[SourceQuality "1"]

1. e4 c5 2. d4 cxd4 3. c3 d3 4. Bxd3 Nc6 5. Nf3 d6 6. h3 g6 7. 0-0 Bg7 8. Be3 Nf6 9. Qd2 h5 10. c4 b6 11. Nc3 Nh7 12. a3 Bxc3 13. Qxc3 f6 14. e5 Rg8 15. exd6 Qxd6 16. c5 Qc7 17. cxb6 axb6 18. Qb3 Kf8 19. Bh6+ Rg7 20. Bxg7+ Kxg7 21. Rac1 Bd7 22. Rfd1 Qa7 23. Be4 Rc8 24. Qd3 Rc7 25. Bxg6 Nf8 26. Bxh5 Be6 27. Bg4 Bf7 28. Nd4 Ne5 29. Qg3 Nfg6 30. Be6 Rxc1 31. Rxc1 Qa4 32. Nf5+ Kh7 33. Bxf7 Nxf7 34. Qg4 Qa6 35. Qh5+ 1-0

[Event "San Sebastian de los Reyes op 19th"]
[Site "San Sebastian"]
[Date "2017.12.08"]
[Round "7"]
[White "Anton Quevedo, Andrea"]
[Black "Llamas Aliste, Alberto"]
[Result "1/2-1/2"]
[WhiteElo "1994"]
[BlackElo "1678"]
[PlyCount "141"]
[EventDate "2017.12.02"]
[EventType "swiss"]
[EventRounds "9"]
[EventCountry "ESP"]
[SourceTitle "CBM 182 Extra"]
[Source "ChessBase"]
[SourceDate "2018.02.23"]
[SourceVersion "1"]
[SourceVersionDate "2018.02.23"]
[SourceQuality "1"]

1. e4 e5 2. Nf3 Nc6 3. Bc4 Bc5 4. c3 Nf6 5. d4 exd4 6. 0-0 Nxe4 7. cxd4 d5 8. dxc5 dxc4 9. Qe2 Qd3 10. Re1 f5 11. Nc3 0-0 12. Nxe4 fxe4 13. Qxe4 Bf5 14. Qh4 Rae8 15. Be3 Re4 16. Qg3 Rg4 17. Qh3 Rg6 18. Qh4 Rg4 19. Qh5 Qe4 20. Kh1 Bg6 21. Qh3 Qf5 22. Nh4 Qh5 23. Nxg6 Qxh3 24. gxh3 Rxg6 25. Rg1 Rxg1+ 26. Kxg1 Ne5 27. Rc1 Rf6 28. Kf1 Nd3 29. Rxc4 Nxb2 30. Rd4 Ra6 31. Rd8+ Kf7 32. Rd7+ Ke6 33. Rxc7 Nc4 34. Bd4 Kd5 35. Bxg7 Rxa2 36. Rxb7 Nd2+ 37. Ke1 Kc6 38. Rf7 a5 39. Bd4 a4 40. Rf6+ Kd5 41. Be3 Ne4 42. Rf5+ Kc6 43. Re5 Nc3 44. Re6+ Kd5 45. Rd6+ Kc4 46. Kf1 Ra1+ 47. Kg2 a3 48. c6 Nb5 49. Rd2 Kc3 50. c7 Nxc7 51. Bd4+ Kxd2 52. Bxa1 Kc2 53. Kg3 Kb1 54. Be5 a2 55. f4 a1Q 56. Bxa1 Kxa1 57. f5 Kb2 58. Kf4 Ne8 59. Kg5 Kc3 60. f6 Nd6 61. Kh6 Kd4 62. Kxh7 Ke5 63. Kg6 Ke6 64. h4 Nf7 65. h5 Ne5+ 66. Kg7 Nf7 67. h4 Nh6 68. Kxh6 Kxf6 69. Kh7 Kf7 70. h6 Kf8 71. Kg6 1/2-1/2

[Event "San Sebastian de los Reyes op 19th"]
[Site "San Sebastian"]
[Date "2017.12.07"]
[Round "6"]
[White "Anton Quevedo, Andrea"]
[Black "Bello Burguet, Glenier Lazaro"]
[Result "0-1"]
[WhiteElo "1994"]
[BlackElo "1917"]
[PlyCount "110"]
[EventDate "2017.12.02"]
[EventType "swiss"]
[EventRounds "9"]
[EventCountry "ESP"]
[SourceTitle "CBM 182 Extra"]
[Source "ChessBase"]
[SourceDate "2018.02.23"]
[SourceVersion "1"]
[SourceVersionDate "2018.02.23"]
[SourceQuality "1"]

1. e4 e5 2. Nf3 Nc6 3. Bc4 Nf6 4. Nc3 Be7 5. d4 d6 6. h3 0-0 7. 0-0 h6 8. a3 a6 9. Be3 b5 10. Ba2 Bb7 11. Re1 exd4 12. Nxd4 Nxd4 13. Bxd4 c5 14. Be3 c4 15. Bf4 Qb6 16. Qd2 Rfd8 17. Nd5 Nxd5 18. exd5 Bf6 19. c3 Re8 20. Be3 Qc7 21. Rad1 Re7 22. Bb1 Rae8 23. Kf1 h5 24. Bg5 Bxg5 25. Qxg5 g6 26. f3 Qd8 27. Qd2 Re5 28. Rxe5 Rxe5 29. Re1 Qe7 30. Re4 f5 31. Rd4 Qf7 32. Qg5 Kg7 33. Qd8 Qe7 34. Qxe7+ Rxe7 35. g4 fxg4 36. fxg4 Re5 37. Be4 h4 38. Kf2 g5 39. Bf3 Kf6 40. Bg2 Ke7 41. Be4 Kd8 42. Ke3 Re8 43. Kd2 Kc7 44. Kc2 Kb6 45. b3 cxb3+ 46. Kb2 Kc5 47. Bf5 Bxd5 48. Rd2 Re3 49. Rh2 a5 50. Bd7 Bc4 51. a4 bxa4 52. Bxa4 Re2+ 53. Rxe2 Bxe2 54. Bxb3 Bf1 55. Bd1 Bxh3 0-1

[Event "San Sebastian de los Reyes op 19th"]
[Site "San Sebastian"]
[Date "2017.12.04"]
[Round "3"]
[White "Lianes Garcia, Marcos"]
[Black "Anton Quevedo, Andrea"]
[Result "1-0"]
[WhiteElo "2300"]
[BlackElo "1994"]
[PlyCount "55"]
[EventDate "2017.12.02"]
[EventType "swiss"]
[EventRounds "9"]
[EventCountry "ESP"]
[SourceTitle "CBM 182 Extra"]
[Source "ChessBase"]
[SourceDate "2018.02.23"]
[SourceVersion "1"]
[SourceVersionDate "2018.02.23"]
[SourceQuality "1"]

1. e4 c5 2. g3 e6 3. Bg2 Nc6 4. Ne2 Nf6 5. 0-0 Be7 6. c3 d5 7. exd5 exd5 8. d4 c4 9. Bg5 0-0 10. Bxf6 Bxf6 11. Nf4 Be6 12. Nxe6 fxe6 13. Na3 Qb6 14. Qe2 Rae8 15. f4 Kh8 16. Kh1 a6 17. Rae1 Re7 18. Nb1 a5 19. Rf3 Qc7 20. Re3 Rfe8 21. Qh5 b5 22. Rxe6 g6 23. Qxd5 Rxe6 24. Rxe6 Qf7 25. Re4 Rxe4 26. Qxf7 Re1+ 27. Bf1 Bxd4 28. Qf8# 1-0

[Event "San Sebastian de los Reyes op 19th"]
[Site "San Sebastian"]
[Date "2017.12.02"]
[Round "1"]
[White "Villodre Miranda, Juan Alonso"]
[Black "Anton Quevedo, Andrea"]
[Result "0-1"]
[WhiteElo "1552"]
[BlackElo "1994"]
[PlyCount "72"]
[EventDate "2017.12.02"]
[EventType "swiss"]
[EventRounds "9"]
[EventCountry "ESP"]
[SourceTitle "CBM 182 Extra"]
[Source "ChessBase"]
[SourceDate "2018.02.23"]
[SourceVersion "1"]
[SourceVersionDate "2018.02.23"]
[SourceQuality "1"]

1. c4 Nf6 2. Nc3 c5 3. e4 Nc6 4. g3 d6 5. h3 g6 6. Bg2 Bg7 7. Nge2 Be6 8. d3 Qc8 9. Nf4 Bd7 10. Nfd5 0-0 11. Nxf6+ Bxf6 12. Bh6 Re8 13. Qd2 Rb8 14. a4 Nb4 15. b3 a6 16. h4 b5 17. 0-0 bxc4 18. dxc4 Nc6 19. Rab1 Nd4 20. Nd5 Bg7 21. Bxg7 Kxg7 22. Qc3 e5 23. Rfe1 Bg4 24. f3 Be6 25. Bf1 Qd7 26. Kh2 Rb7 27. a5 Bxd5 28. cxd5 Reb8 29. Bc4 Rb4 30. Re3 Qd8 31. f4 exf4 32. Rf3 Rxc4 33. Qxc4 Nxf3+ 34. Kg2 Nd4 35. Qc3 fxg3 36. Kxg3 Qf6 0-1

[Event "Tres Cantos op 9th"]
[Site "Tres Cantos"]
[Date "2017.06.30"]
[Round "9"]
[White "Anton Quevedo, Andrea"]
[Black "Paniagua Quinones, Carlos"]
[Result "1/2-1/2"]
[WhiteElo "1800"]
[BlackElo "1603"]
[PlyCount "105"]
[EventDate "2017.06.22"]
[EventType "swiss"]
[EventRounds "9"]
[EventCountry "ESP"]
[SourceTitle "EXT 2019"]
[Source "ChessBase"]
[SourceDate "2018.10.10"]
[SourceVersion "1"]
[SourceVersionDate "2018.10.10"]
[SourceQuality "1"]

1. e4 c5 2. d4 cxd4 3. c3 dxc3 4. Nxc3 e6 5. Nf3 a6 6. Bc4 Ne7 7. Qe2 Ng6 8. 0-0 Be7 9. Rd1 0-0 10. Be3 b5 11. Bb3 Bb7 12. Rac1 Nc6 13. Qd2 d6 14. a4 Na5 15. Ba2 b4 16. Ne2 Bxe4 17. Qxb4 Bxf3 18. gxf3 Rb8 19. Qe4 Rxb2 20. Nc3 Nb3 21. Rb1 Rxb1 22. Qxb1 Bg5 23. Bxb3 Bxe3 24. fxe3 Qg5+ 25. Kf2 Qh4+ 26. Ke2 Qxh2+ 27. Kd3 Ne5+ 28. Kd4 Nxf3+ 29. Kd3 Ne5+ 30. Kd4 Qh4+ 31. Qe4 Nf3+ 32. Kd3 Qf2 33. Ne2 d5 34. Qb4 Ne5+ 35. Kd2 Nc4+ 36. Bxc4 dxc4 37. Qxc4 h5 38. Qd4 h4 39. Rg1 g6 40. Rg4 e5 41. Qd5 Qf6 42. Ke1 Rd8 43. Rxg6+ Qxg6 44. Qxd8+ Kg7 45. Qxh4 Qb1+ 46. Kf2 f6 47. Qg4+ Kf7 48. Qc4+ Kg6 49. Qxa6 Qf5+ 50. Ke1 Qb1+ 51. Kd2 Qb2+ 52. Ke1 Qb1+ 53. Nc1 1/2-1/2

[Event "Madrid-ch sf"]
[Site "Madrid"]
[Date "2017.04.06"]
[Round "9"]
[White "Anton Quevedo, Andrea"]
[Black "Cabanas Bravo, Juan Andres"]
[Result "0-1"]
[WhiteElo "1849"]
[BlackElo "2005"]
[PlyCount "78"]
[EventDate "2017.03.27"]
[EventType "swiss"]
[EventRounds "9"]
[EventCountry "ESP"]
[SourceTitle "CBM 177 Extra"]
[Source "ChessBase"]
[SourceDate "2017.04.27"]
[SourceVersion "1"]
[SourceVersionDate "2017.04.27"]
[SourceQuality "1"]

1. e4 e5 2. Nf3 Nc6 3. Bc4 Bc5 4. c3 Nf6 5. d4 exd4 6. 0-0 Nxe4 7. cxd4 d5 8. dxc5 dxc4 9. Qe2 Qe7 10. Qxc4 Nxc5 11. b4 Ne6 12. b5 Na5 13. Qc3 b6 14. Nbd2 a6 15. Ba3 Qd7 16. Rfe1 Bb7 17. bxa6 Bxa6 18. Ne5 Qd5 19. Ndf3 c5 20. Rad1 Qxa2 21. Nxf7 0-0 22. Nd6 Nd4 23. Bb2 Nxf3+ 24. gxf3 Ra7 25. Re3 Nc4 26. Nxc4 Qxc4 27. Qe5 Raf7 28. Ra1 Bb7 29. Ra7 Qd5 30. Qg3 g6 31. Bc3 Rxf3 32. Rxf3 Qd1+ 33. Kg2 Bxf3+ 34. Kh3 Qf1+ 35. Kh4 Qc4+ 36. Kh3 Qe6+ 37. Kh4 Qe4+ 38. Kh3 Qf5+ 39. Kh4 Qh5# 0-1

[Event "Madrid-ch Previa-B"]
[Site "Madrid"]
[Date "2017.02.10"]
[Round "4"]
[White "Fernandez Estremera, Fernando"]
[Black "Anton Quevedo, Andrea"]
[Result "1/2-1/2"]
[WhiteElo "1793"]
[BlackElo "1922"]
[PlyCount "122"]
[EventDate "2017.02.02"]
[EventType "swiss"]
[EventRounds "9"]
[EventCountry "ESP"]
[SourceTitle "EXT 2018"]
[Source "ChessBase"]
[SourceDate "2017.10.13"]
[SourceVersion "1"]
[SourceVersionDate "2017.10.13"]
[SourceQuality "1"]

1. d4 Nf6 2. c4 g6 3. Nc3 d5 4. cxd5 Nxd5 5. e4 Nxc3 6. bxc3 Bg7 7. Nf3 c5 8. Rb1 Qa5 9. Rb5 Qxc3+ 10. Bd2 Qa3 11. Qc2 c4 12. Rc5 Nc6 13. Qxc4 0-0 14. Be2 Bg4 15. e5 Rad8 16. Be3 Qb4+ 17. Qxb4 Nxb4 18. Rb5 Nc2+ 19. Kd2 Bxf3 20. Bxf3 Nxd4 21. Bxd4 Rxd4+ 22. Kc2 b6 23. Rd1 Rfd8 24. Rxd4 Rxd4 25. Kc3 Rd7 26. Bg4 Rc7+ 27. Kb3 e6 28. f4 Rc1 29. Rb4 Bf8 30. Ra4 a5 31. Rd4 Bc5 32. Rc4 Rf1 33. Kc3 Rc1+ 34. Kd3 Rxc4 35. Kxc4 Be3 36. Kb5 Kf8 37. h3 Ke7 38. Kc6 a4 39. a3 Bc5 40. Bd1 Bxa3 41. Kxb6 Bc1 42. Bxa4 Bxf4 43. Kc5 Bxe5 44. Kc4 f5 45. Kd3 Bf4 46. Bb3 g5 47. Ke2 e5 48. Kf3 e4+ 49. Ke2 Kd6 50. Ba2 Ke5 51. Bb3 Kf6 52. Kf2 e3+ 53. Kf3 g4+ 54. hxg4 fxg4+ 55. Ke2 h5 56. Ba4 Kg5 57. Be8 h4 58. Bd7 h3 59. gxh3 g3 60. Bc6 Kh4 61. Bg2 Bh6 1/2-1/2

[Event "San Sebastian de los Reyes op 18th"]
[Site "San Sebastian"]
[Date "2016.12.10"]
[Round "8"]
[White "Perez Cameselle, Francisco Jose"]
[Black "Anton Quevedo, Andrea"]
[Result "1-0"]
[WhiteElo "1754"]
[BlackElo "1907"]
[PlyCount "81"]
[EventDate "2016.12.03"]
[EventType "swiss"]
[EventRounds "9"]
[EventCountry "ESP"]
[SourceTitle "CBM 176 Extra"]
[Source "ChessBase"]
[SourceDate "2017.03.02"]
[SourceVersion "1"]
[SourceVersionDate "2017.03.02"]
[SourceQuality "1"]

1. e4 c5 2. d3 d6 3. g3 Nc6 4. Nf3 Nf6 5. Bg2 e6 6. 0-0 Be7 7. Nbd2 0-0 8. Qe2 Qc7 9. c3 a5 10. a4 b6 11. Nc4 e5 12. Nh4 Ne8 13. Nf5 Bf6 14. Nfe3 Ne7 15. Bd2 g6 16. f4 Bg7 17. f5 Nf6 18. fxg6 hxg6 19. Rf2 Kh7 20. Raf1 Neg8 21. b3 Rb8 22. Na3 Be6 23. Nd5 Nxd5 24. exd5 Bc8 25. h4 Qe7 26. Nc4 b5 27. Nxa5 Qd7 28. Nc6 Rb7 29. a5 Nh6 30. h5 Qg4 31. Qxg4 Nxg4 32. hxg6+ Kxg6 33. a6 Rc7 34. a7 Rxa7 35. Nxa7 Nxf2 36. Rxf2 Bg4 37. Nxb5 Rb8 38. Nxd6 Rxb3 39. Be4+ Kh5 40. Rh2+ Bh3 41. Bf3+ 1-0

[Event "San Sebastian de los Reyes op 18th"]
[Site "San Sebastian"]
[Date "2016.12.09"]
[Round "7"]
[White "Anton Quevedo, Andrea"]
[Black "Rottenwohrer Suarez, Juan"]
[Result "0-1"]
[WhiteElo "1907"]
[BlackElo "2171"]
[PlyCount "58"]
[EventDate "2016.12.03"]
[EventType "swiss"]
[EventRounds "9"]
[EventCountry "ESP"]
[SourceTitle "CBM 176 Extra"]
[Source "ChessBase"]
[SourceDate "2017.03.02"]
[SourceVersion "1"]
[SourceVersionDate "2017.03.02"]
[SourceQuality "1"]

1. c4 Nf6 2. Nc3 g6 3. g3 Bg7 4. Bg2 d6 5. Nf3 0-0 6. 0-0 Nc6 7. d4 Bf5 8. Re1 Ne4 9. a3 Nxc3 10. bxc3 Na5 11. Qa4 c5 12. Bf4 Rc8 13. Rac1 Bd7 14. Qc2 cxd4 15. cxd4 Rxc4 16. Qb2 b5 17. e3 Qb6 18. Nd2 Rxc1 19. Rxc1 h6 20. h4 Re8 21. Nf3 Nc4 22. Qb3 e5 23. dxe5 dxe5 24. Qd1 Bg4 25. Rxc4 bxc4 26. Qa4 Re7 27. Bxe5 Bxe5 28. Nxe5 Rxe5 29. Qxc4 Be6 0-1

[Event "ESP-ch U16"]
[Site "Granada"]
[Date "2016.07.18"]
[Round "2"]
[White "Anton Quevedo, Andrea"]
[Black "Henderson de la Fuente, Lance"]
[Result "0-1"]
[WhiteElo "1986"]
[BlackElo "2258"]
[PlyCount "78"]
[EventDate "2016.07.18"]
[EventType "swiss"]
[EventRounds "9"]
[EventCountry "ESP"]
[SourceTitle "EXT 2024"]
[Source "ChessBase"]
[SourceDate "2023.10.10"]
[SourceVersion "1"]
[SourceVersionDate "2023.10.10"]
[SourceQuality "1"]

1. e4 c5 2. Nf3 Nc6 3. d4 cxd4 4. Nxd4 Nf6 5. Nc3 e5 6. Nf3 Bb4 7. Bd3 d5 8. exd5 Qxd5 9. Be2 e4 10. Nd2 Bxc3 11. bxc3 e3 12. Nf3 exf2+ 13. Kf1 Qc5 14. Bf4 Be6 15. Qd2 Rd8 16. Qe3 Qf5 17. Nd4 Rxd4 18. cxd4 Nd5 19. Qxf2 Nxf4 20. Bf3 0-0 21. Rd1 Bxa2 22. h3 Bc4+ 23. Kg1 Re8 24. Rd2 a5 25. Kh2 a4 26. d5 Nxd5 27. Rhd1 Nf6 28. Qh4 Be6 29. Qxa4 b5 30. Qa6 Ne5 31. Bc6 Nxc6 32. Qxc6 h5 33. Rd4 Kh7 34. R1d2 Qe5+ 35. Kh1 Bc4 36. Qf3 Qe1+ 37. Kh2 Re3 38. Qf4 Ng4+ 39. hxg4 Qh4+ 0-1

[Event "Madrid-ch final"]
[Site "Madrid"]
[Date "2016.06.12"]
[Round "7"]
[White "Casares Ripoll, Fernando"]
[Black "Anton Quevedo, Andrea"]
[Result "1/2-1/2"]
[WhiteElo "2139"]
[BlackElo "1992"]
[PlyCount "56"]
[EventDate "2016.06.06"]
[EventType "swiss"]
[EventRounds "7"]
[EventCountry "ESP"]
[SourceTitle "CBM 172 Extra"]
[Source "ChessBase"]
[SourceDate "2016.06.21"]
[SourceVersion "1"]
[SourceVersionDate "2016.06.21"]
[SourceQuality "1"]

1. d4 Nf6 2. Bg5 Ne4 3. Bf4 c5 4. d5 d6 5. Nd2 Nxd2 6. Qxd2 Bf5 7. e3 Nd7 8. Bd3 Bxd3 9. Qxd3 Qa5+ 10. c3 g6 11. Nf3 Bg7 12. 0-0 0-0 13. e4 b5 14. Rfe1 b4 15. e5 bxc3 16. bxc3 c4 17. Qxc4 Rfc8 18. Qe2 Qxd5 19. exd6 exd6 20. Rad1 Qc4 21. Qxc4 Rxc4 22. Bxd6 Rxc3 23. Bb4 Rc4 24. Rxd7 Rxb4 25. g3 Bf6 26. Rc1 a5 27. Rcc7 Rf8 28. Rd5 Ra4 1/2-1/2